Entry Personal Name
Number of records used in: 1
001 - CONTROL NUMBER
003 - CONTROL NUMBER IDENTIFIER
005 - DATE AND TIME OF LATEST TRANSACTION
- control field:
20200206154015.0
008 - FIXED-LENGTH DATA ELEMENTS
- fixed length control field:
990610n| azannaabn |a aaa
010 ## - LIBRARY OF CONGRESS CONTROL NUMBER
- LC control number:
no 99041478
035 ## - SYSTEM CONTROL NUMBER
- System control number:
(OCoLC)oca05003777
040 ## - CATALOGING SOURCE
- Original cataloging agency:
DLC-ON
- Language of cataloging:
eng
- Description conventions:
rda
- Transcribing agency:
DLC-ON
- Modifying agency:
OCoLC
- Modifying agency:
DLC-ON
- Modifying agency:
DLC
046 ## - SPECIAL CODED DATES
100 1# - HEADING--PERSONAL NAME
- Personal name:
Kāmaṛe, Śivānanda,
- Dates associated with a name:
1960-
370 ## - ASSOCIATED PLACE
- Other associated place:
Durg (India)
- Source of term:
naf
372 ## - FIELD OF ACTIVITY
- Field of activity:
Civil engineering
- Field of activity:
Journalism
- Source of term:
lcsh
373 ## - ASSOCIATED GROUP
- Associated group:
Government Polytechnic (Durg, India)
374 ## - OCCUPATION
- Occupation:
College teachers
- Occupation:
Journalists
- Source of term:
lcsh
375 ## - GENDER
377 ## - ASSOCIATED LANGUAGE
400 0# - SEE FROM TRACING--PERSONAL NAME
- Personal name:
Śivānanda Kāmaṛe,
- Dates associated with a name:
1960-
400 0# - SEE FROM TRACING--PERSONAL NAME
- Personal name:
Shivanand Kamade,
- Dates associated with a name:
1960-
400 1# - SEE FROM TRACING--PERSONAL NAME
- Personal name:
Kamade, Shivanand,
- Dates associated with a name:
1960-
400 1# - SEE FROM TRACING--PERSONAL NAME
- Personal name:
Kamde, Shivanand,
- Dates associated with a name:
1960-
670 ## - SOURCE DATA FOUND
- Source citation:
Eṇḍa sansa kī paramparā, 1998:
- Information found:
t.p. (Śivānanda Kāmaṛe) jkt. (graduate, civil engineering; teaches civil engineering at Government Polytechnic, Durga, Madhya Pradesh; works broadcast over Akashwani, radio; b. 01/02/1960)
670 ## - SOURCE DATA FOUND
- Source citation:
Kārṭūnoṃ meṃ Gāndhī, 2005:
- Information found:
t.p. (Śivānanda Kāmaṛe) t.p. verso (Shivanand Kamade)
670 ## - SOURCE DATA FOUND
- Source citation:
Hindī sinemā kā prathama supara sṭôra Rājeśa Khannā, 2012:
- Information found:
t.p. (Śivānanda Kāmaṛe) t.p. verso (Shivanand Kamde) back cover (journalist)